A vida de um legionário na formação do Império Romano (Registo nº 4067)

Detalhes MARC
000 -Etiqueta do registo
Cabeçalho 00764cam a2200253 4500
005 - Identificador da versão
Campo de controlo 20240813122052.0
095 ## -
-- PTBN00041891
100 ## - Dados gerais de processamento
Dados gerais de processamento 19851101d1984 m y0pory5003 ba
102 ## - Pais de publicação ou produção
País de publicação Portugal
101 1# - Língua de publicação
Língua do texto, banda sonora, etc. Português
215 ## - Descrição física 
Indicação específica da natureza do documento e extensão da espécie 57, [5] p.
Outras indicações físicas muito il.
Dimensões 29 cm
200 1# - Titulo e menção de responsabilidade
Título próprio A vida de um legionário na formação do Império Romano
Primeira menção de responsabilidade Erik Abranson
Outras menções de responsabilidade il. Jean-Paul Colbus
-- trad. Ana Maria Rabaça
225 1# - Colecção 
Título próprio da colecção Vida quotidiana
Indicação de volume 3
210 ## - Publicação, Distribuição, etc. 
Lugar da edição, distribuição, etc. Lisboa
Nome do editor, distribuidor, etc. Verbo
Data da publicação, distribuição, etc. imp. 1984
675 ## - Classificação Decimal Universal (CDU)
Notação 087.5
Edição med
Língua da edição por
Notação 9(37)
Edição med
Língua da edição por
702 #1 - Nome de autor-pessoa física (responsabilidade secundária)
Número de registo de entrada de autoridade 0000592
Palavra de ordem Colbus
Outra parte do nome não tomada para palavra de ordem Jean-Paul
Código de função Ilustrador / Técnico de desenho computorizado
Número de registo de entrada de autoridade 0000593
Palavra de ordem Rabaça
Outra parte do nome não tomada para palavra de ordem Ana Maria
Código de função Tradutor
700 #1 - Nome de autor-pessoa física (responsabilidade principal)
Número de registo de entrada de autoridade 0000588
Palavra de ordem Abranson
Outra parte do nome não tomada para palavra de ordem Erik
942 ## - Elementos de entrada adicionados (Koha)
Tipo de item no Koha Livro
Exemplares
Situação do levantamento Origin of item (home branch) (coded) Biblioteca de empréstimo Código de barras Cota Circulation type (not for loan) Tipo de documento Nota do exemplar Damaged status
  Biblioteca Escolar das Vendas Biblioteca Escolar das Vendas BEV821 9BIO ABRI   Livro Sem mensagem